Đàm thoại Tiếng Hoa trong khách sạn nhà hàng

Enregistré dans:
Détails bibliographiques
Autres auteurs: Nguyễn Thiện Chí
Langue:Undetermined
Publié: [Hà Nội] Thống Kê 2007
Tags: Ajouter un tag
Pas de tags, Soyez le premier à ajouter un tag!
Thư viện lưu trữ: Trung tâm Học liệu Trường Đại học Trà Vinh
LEADER 00488nam a2200181Ia 4500
001 TVU_9113
008 210423s9999 xx 000 0 und d
041 |a Vie 
082 |a 495.1 
082 |b C300 
245 0 |a Đàm thoại Tiếng Hoa trong khách sạn nhà hàng 
245 0 |c Nguyễn Thiện Chí 
260 |a [Hà Nội] 
260 |b Thống Kê 
260 |c 2007 
300 |b Đĩa CD + 
700 |a Nguyễn Thiện Chí 
980 |a Trung tâm Học liệu Trường Đại học Trà Vinh